Lo justo.

Збережено в:
Бібліографічні деталі
Автор: Ricoeur, Paul (autor)
Інші автори: Gardini, Carlos (traducción)
Формат: Книга
Мова:Іспанська
Опубліковано: Santiago, Chile: Jurídica de Chile, 1997.
Предмети:
Теги: Додати тег
Немає тегів, Будьте першим, хто поставить тег для цього запису!

MARC

LEADER 00000nam a2200000 a 4500
001 UCS6168
003 CL-VaPUC
005 20241115115035.0
008 970912e19970000CL |||||||||||||||||spa|d
999 |c 262122  |d 262120 
020 |a 950-10-1186-7 
040 |c Pontificia Universidad Católica de Valparaíso 
082 0 4 |a 121.68 RIC 1997   |2 21 
100 0 |a Ricoeur, Paul  |e autor  |9 446 
245 1 3 |a Lo justo.  
260 |a Santiago, Chile:   |b Jurídica de Chile,   |c 1997.  
300 |a 220 páginas.  
500 |a c.2 Donación Familia Prof. Alejandro Guzmán Brito.  
583 |a last modification  |c 19970912 00:00:00  |k Rodrigo Vera 
650 0 |a Filosofía   |9 223554 
650 0 |a Metafísica  |9 265649 
650 0 |a Hermenéutica  |9 269473 
650 0 |a Ética  |9 255099 
650 0 |a Historia de la filosofía  |9 256920 
650 0 |a Religión   |9 255164 
650 0 |a Teoría del conocimiento   |9 255038 
650 0 |a Justicia   |9 255408 
700 |a Gardini, Carlos  |e traducción  |9 865467 
942 |c BK  |2 ddc  |n 0 
945 |d 19970912 00:00:00  |a jquezada 
952 |0 0  |1 0  |4 0  |6 121_680000000000000_RIC_1997  |7 0  |8 DER_TF  |9 290325  |a BIBDER  |b BIBDER  |d 2019-11-19  |i 3349616  |o 121.68 RIC 1997  |p 3349616  |r 2019-11-19  |w 2019-11-19  |x Ubicación 4to Piso  |y BK  |z Estos recursos deben solicitarse con anticipación  |k DER